| Tag |
First Indicator |
Second Indicator |
Subfields |
| LEADER |
00000cam a2200000 a 4500 |
| 001 |
in00000099299 |
| 005 |
20150924160145.0 |
| 008 |
811224s1980 ii b 00110 engm |
| 010 |
|
|
|a 80901766
|
| 020 |
|
|
|a 0706908376 :
|c Rs60.00
|
| 035 |
|
|
|a (OCoLC)08168967
|
| 035 |
|
|
|9 AAL0176AM
|
| 040 |
|
|
|a DLC
|c DLC
|d m.c.
|d TXA
|d UtOrBLW
|
| 043 |
|
|
|a a-bg---
|
| 049 |
|
|
|a TXAM
|c [1633561]
|
| 050 |
0 |
0 |
|a DS393.83.H54
|b K3
|
| 082 |
0 |
|
|a 305.6/945/05492
|2 19
|
| 090 |
|
|
|a DS393.83 H54
|b K3 1980a
|
| 100 |
1 |
|
|a Kabir, Muhammad Ghulam.
|
| 245 |
1 |
0 |
|a Minority politics in Bangladesh /
|c Muhammad Ghulam Kabir.
|
| 264 |
|
1 |
|a New Delhi :
|b Vikas ;
|c [1980]
|
| 264 |
|
2 |
|a New York, N.Y. :
|b Distributed exclusively in the USA and Canada by Advent Books,
|
| 264 |
|
4 |
|c ©1980
|
| 300 |
|
|
|a x, 167 pages ;
|c 22 cm.
|
| 336 |
|
|
|a text
|b txt
|2 rdacontent
|
| 337 |
|
|
|a unmediated
|b n
|2 rdamedia
|
| 338 |
|
|
|a volume
|b nc
|2 rdacarrier
|
| 500 |
|
|
|a Distributor taken from note on title page.
|
| 500 |
|
|
|a Includes index.
|
| 504 |
|
|
|a Bibliography: pages [159]-163.
|
| 650 |
|
0 |
|a Hindus
|z Bangladesh
|x Politics and government.
|
| 650 |
|
0 |
|a Minorities
|z Bangladesh
|x Political activity.
|
| 651 |
|
0 |
|a Bangladesh
|x Politics and government.
|
| 999 |
|
|
|a MARS
|
| 999 |
f |
f |
|s b4b896f4-80b5-3e59-ad6a-49879346cec6
|i dc070db0-f70f-38ad-959c-244771d995f9
|t 0
|
| 952 |
f |
f |
|p ric
|a Texas A&M University
|b Rellis Campus
|c Joint Library Facility
|d Remote Storage
|t 0
|e DS393.83 H54 K3 1980a
|h Library of Congress classification
|i unmediated -- volume
|m A14806047625
|
| 998 |
f |
f |
|a DS393.83 H54 K3 1980a
|t 0
|l Remote Storage
|